[Event "Davos Summer op"]
[Site "Davos"]
[Date "2021.08.06"]
[Round "2"]
[White "Hayrumyan, Artur"]
[Black "Malli, Suvirr"]
[Result "0-1"]
[WhiteElo "1511"]
[BlackElo "1690"]
[PlyCount "92"]
[EventDate "2021.08.05"]
[EventType "swiss"]
[EventRounds "5"]
[EventCountry "SUI"]
[SourceTitle "EXT 2022"]
[Source "ChessBase"]
[SourceDate "2021.10.06"]
[SourceVersion "1"]
[SourceVersionDate "2021.10.06"]
[SourceQuality "1"]

1. Nf3 c5 2. e4 d6 3. d3 Nf6 4. g3 Nc6 5. Bg2 Bg4 6. c3 e5 7. Nbd2 Be7 8. Nb3 0-0 9. h3 Bh5 10. g4 Bg6 11. h4 h6 12. g5 Nd7 13. Nh2 Qe8 14. Bf3 f6 15. Nf1 Qf7 16. Rh3 a5 17. Qe2 a4 18. Nbd2 b5 19. Ng3 fxg5 20. hxg5 h5 21. Nf5 Ra6 22. Nxe7+ Qxe7 23. Nf1 b4 24. Bxh5 Qf7 25. Bxg6 Qxg6 26. Rh4 a3 27. Rg4 axb2 28. Bxb2 Rfa8 29. d4 bxc3 30. Bxc3 exd4 31. Qc4+ Qf7 32. Qxf7+ Kxf7 33. g6+ Kf6 34. Bd2 Nde5 35. Rg3 Rxa2 36. Rxa2 Rxa2 37. f4 Nxg6 38. Rb3 Nge7 39. Ng3 c4 40. Rb5 c3 41. Nh5+ Kf7 42. Bc1 d3 43. Be3 Re2+ 44. Kf1 Rxe3 45. Kf2 Re2+ 46. Kf3 Nd4+ 0-1